000 00540nam a2200193 u 4500
005 20221116063447.0
008 080724s2001 r 000 0 eng d
020 _a8495150913
035 _aUPN01000158055
049 _aI
050 4 _aPZ74.1
_bK5.3
100 1 _aKimiko
245 1 1 _a¡A la cama, Camila! /
_cKimiko ; tr. Julia Vinent.
260 _aBarcelona, Esp. :
_bCorimbo,
_c2001.
300 _a20 p. :
_bprincipalmente il. col.
650 2 _aLibros ilustrados
_99170
650 4 _aCuentos infantiles
_96744
905 _aInfantil
999 _c130169
_d130169